书目信息 |
| 题名: |
千古中医千古事
|
|
| 作者: | 陈倩 , 赵佳 编著 | |
| 分册: | ||
| 出版信息: | 武汉 武汉出版社 2009 |
|
| 页数: | 232页 | |
| 开本: | 24cm | |
| 丛书名: | ||
| 单 册: | ||
| 中图分类: | R-092 | |
| 科图分类: | ||
| 主题词: | 中国医药学--医学史--通俗读物 , 中国医药学 , 医学史 | |
| 电子资源: | ||
| ISBN: | 978-7-5430-4212-4 | |
| 000 | 00996nam0 2200277 45 | |
| 001 | 1029503441 | |
| 005 | 20100428095505.87 | |
| 010 | @a978-7-5430-4212-4@dCNY26.00 | |
| 100 | @a20100426d2009 em y0chiy50 ea | |
| 101 | 0 | @achi |
| 102 | @aCN@b420000 | |
| 105 | @aa z 000yd | |
| 106 | @ar | |
| 200 | 1 | @a千古中医千古事@AQian Gu Zhong Yi Qian Gu Shi@e细说中医源流典故@EXi Shuo Zhong Yi Yuan Liu Dian Gu@f陈倩,赵佳编著@FChen Qian, Zhao Jia Bian Zhu |
| 210 | @a武汉@c武汉出版社@d2009 | |
| 215 | @a232页@c图@d24cm | |
| 330 | @a本书介绍了中医的发展史及中医文化。全书包括“名家风采”、“经典名著”、“名药传说”、“传世金方”、“百年老店”、“杏林文化”六大部分。 | |
| 517 | 1 | @a细说中医源流典故@AXi Shuo Zhong Yi Yuan Liu Dian Gu |
| 606 | 0 | @a中国医药学@x医学史@j通俗读物 |
| 606 | 0 | @a中国医药学 |
| 606 | 0 | @a医学史 |
| 690 | @aR-092@v4 | |
| 701 | 0 | @a陈倩@AChen Qian@4编著 |
| 701 | 0 | @a赵佳@AZhao Jia@4编著 |
| 801 | 0 | @aCN@bTANGWEI@c20100428 |
| 905 | @b0596453-57@dR-092@e21@f5 | |
| 千古中医千古事:细说中医源流典故/陈倩,赵佳编著.-武汉:武汉出版社,2009 |
| 232页:图;24cm |
| ISBN 978-7-5430-4212-4:CNY26.00 |
| 本书介绍了中医的发展史及中医文化。全书包括“名家风采”、“经典名著”、“名药传说”、“传世金方”、“百年老店”、“杏林文化”六大部分。 |
| ● |
| 相关链接 |
|
|
|
|
正题名:千古中医千古事
索取号:R-092/21
 
预约/预借
| 序号 | 登录号 | 条形码 | 馆藏地/架位号 | 状态 | 备注 |
| 1 | 0596453 | 205964535 | 第二样本阅览室/ [索取号:R-092/21] | 在馆 | |
| 2 | 0596454 | 205964544 | 第三借阅区/ [索取号:R-092/21] | 在馆 | |
| 3 | 0596455 | 205964553 | 第三借阅区/ [索取号:R-092/21] | 在馆 | |
| 4 | 0596456 | 205964562 | 第三借阅区/ [索取号:R-092/21] | 在馆 | |
| 5 | 0596457 | 205964571 | 第三借阅区/ [索取号:R-092/21] | 在馆 |